000 00301nam a22001097a 4500
008 160421b xxu||||| |||| 00| 0 eng d
020 _a0323023916
041 _aeng
080 _a618.2
245 _aNursing outcomes classification [ NOC]
_cSue Moorhead ; Marion Johnson; Meridean Maas;
942 _2udc
_cBK
999 _c1492
_d1492